000 00392nam a2200157Ia 4500
008 230524s9999 xx 000 0 und d
082 _a621.383
_bGAR
100 _aRam Kumar Garg
245 0 _aCommon Electrical Instruments & Measurements
250 _a2ND
260 _aNEW DELHI
_bKhanna
_c1998
300 _aIV;214
500 _aQuantity Number: 2
650 _aElectrical
942 _cBK
999 _c5111
_d5111